首都大学野球連盟出身の現役選手(2026) - Statistics

General Stats
  • This quiz has been taken 9 times
  • The average score is 18 of 35
Answer Stats
大学名 現所属 ポジション 選手名 % Correct
筑波 阪神 外野手 岡城快生
100%
東海* 巨人 捕手 大城卓三
100%
日本体育 西武 投手 松本航
88%
桜美林 DeNA 投手 佐々木千隼
88%
筑波 西武 投手 佐藤隼輔
75%
帝京* ソフトバンク 投手 大津亮介
75%
日本体育 日本ハム 投手 矢澤宏太
75%
東海 ソフトバンク 捕手 海野隆司
75%
城西 広島 捕手 小林結太
75%
獨協 ヤクルト 外野手 並木秀尊
75%
日本体育 ロッテ 投手 東妻勇輔
63%
東海 日本ハム 内野手 大塚瑠晏
63%
城西 ヤクルト 内野手 松川玲央
63%
帝京 ヤクルト 外野手 塩見泰隆
50%
日本体育 オリックス 投手 寺西成騎
50%
東海 阪神 捕手 伏見寅威
50%
城西* 巨人 投手 竹丸和幸
50%
明星 ソフトバンク 外野手 山本恵大
50%
帝京 ヤクルト 投手 青柳晃洋
38%
日本体育 DeNA 投手 大貫晋一
38%
日本体育 中日 投手 森博人
38%
日本体育* 楽天 投手 柴田大地
38%
東海* DeNA 内野手 成瀬脩人
38%
東海 巨人 投手 山﨑伊織
38%
東海 巨人 投手 中川皓太
38%
東海 巨人 捕手 亀田啓太
38%
明星 巨人 投手 松井颯
38%
明星* 日本ハム 投手 宮内春輝
38%
帝京* ソフトバンク 捕手 大友宗
25%
帝京* ロッテ 投手 廣畑敦也
25%
東海* 西武 外野手 奥村光一
25%
明星* オリックス 投手 権田琉成
25%
明治学院* ソフトバンク 投手 澤柳亮太郎
25%
桜美林* 中日 投手 土生翔太
25%
桜美林* ヤクルト 内野手 山野辺翔
25%
No matching quizzes found
Score Distribution
Percent of People with Each Score
Percentile by Number Answered
Your Score History
You have not taken this quiz